Think Stats

Saved in:
Bibliographic Details
Main Author: Allen Downey
Format: Book
Published: shroff
Subjects:
Tags: Add Tag
No Tags, Be the first to tag this record!

MARC

LEADER 00000nam a2200000Ia 4500
005 20260427112702.0
526 |b Data Science 
100 |a Allen Downey 
020 |a 9789351108566 
650 |a Statistics 
526 |a Bachelors 
942 |c BK 
245 |a Think Stats 
260 |b shroff 
999 |c 62  |d 62 
952 |0 0  |1 0  |4 0  |7 0  |8 2  |a BRISTOL  |b BRISTOL  |d 2026-04-22  |l 0  |p 000068  |r 2026-04-27 11:27:03  |w 2026-04-27  |y BK